Programming Languages <An> Interpreter - Based Approach

Guardado en:
Detalles Bibliográficos
Autor principal: Kamin, Samuel N.
Formato: Libro
Lenguaje:inglés
Publicado: Reading Addison-Wesley Pub. Co. 1990
Edición:1. ed.
Etiquetas: Agregar Etiqueta
Sin Etiquetas, Sea el primero en etiquetar este registro!

MARC

LEADER 00000nam a2200000 4500
001 c028358
005 20221215114338.2
041 0 |a eng 
044 |a US 
245 1 0 |a Programming Languages  |b <An> Interpreter - Based Approach  |c Samuel N. Kamin 
250 |a 1. ed. 
264 1 |a Reading  |b Addison-Wesley Pub. Co.  |c 1990 
300 |a 640 s. 
100 1 |a Kamin, Samuel N.